000 01015nam a2200241 i 4500
001 129322
003 ES-MaACL
005 20250404170343.0
007 t|
008 070612s1951 sp ||||1| spa d
080 _a347.447.63
100 1 _aTerraza Martorell, Juan.
_9109781
245 1 0 _aModificación y resolución de los contratos por excesiva onerosidad o imposibilidad en su ejecución
_b: teoría de la claúsula rebus sic stantibus /
_cJuan Terraza Martorell.
260 _aBarcelona :
_bBosch,
_c1951.
300 _a182 p. ;
_c23 cm.
510 _aCCPB,
_c001088323-1
650 7 _9169000
_aContratos-
_zEspaña
852 _aES-MaACL
_jD-6550
_bR.31104
_bR.M. 6141
_cSVI
_fSello en tinta azul de la Biblioteca del Ateneo de Madrid
_gAnotación manuscrita en cubierta: "19"
_zEn cubierta: "19"
_9134053
942 _2udc
_cMONOGRAFIA
999 _c129322
_d129322